Normal view
MARC view
- المومني، يحيى منتصر محمد
Entry Personal Name
001 - CONTROL NUMBER
- control field: 66576
003 - CONTROL NUMBER IDENTIFIER
- control field: JO-AjAnu
005 - DATE AND TIME OF LATEST TRANSACTION
- control field: 20250715050415.0
008 - FIXED-LENGTH DATA ELEMENTS
- fixed length control field: 250715|| aca||aabn | a|a d
040 ## - CATALOGING SOURCE
- Original cataloging agency: JO-AjAnu
100 ## - HEADING--PERSONAL NAME
- Personal name: المومني، يحيى منتصر محمد
- Relator term: معد